| 000 | 00527nam a2200157Ia 4500 | ||
|---|---|---|---|
| 008 | 170221s9999 xx 000 0 und d | ||
| 100 | _aAnming Dong | ||
| 245 | _aProbabilistic Constraint Robust Transceiver Design for MIMO Interference Channel Networks | ||
| 245 | _cAnming Dong, Haixia Zhang, and Dongfeng Yuan | ||
| 260 | _bJournal of Communications | ||
| 260 | _c2014 | ||
| 300 | _a2 : | ||
| 650 | _xCommunication | ||
| 650 | _xMedia Arts | ||
| 856 | _uhttp://www.jocm.us/index.php?m=content&c=index&a=lists&catid=160 | ||
| 999 |
_c308771 _d308771 |
||